LEADER 01511nam0 22002891i 450 001 SUN0045558 005 20060526120000.0 010 $a88-14-11829-9 100 $a20060526d2005 |0itac50 ba 101 $aita 102 $aIT 105 $a|||| ||||| 200 1 $aˆLa ‰disciplina dell'immigrazione$ecommento per articolo al Testo unico 25 luglio 1998, n. 286 (come modificato dalla Legge 12 novembre 2004, n. 271)$fGianni Bellagamba, Giuseppe Cariti 205 $a Milano : Giuffré$b2005 210 $aXI$d670 p. ; 25 cm 215 $aIn appendice: Il regolamento (come modificato dal D.P.R. n. 334/2004, in G.U. 10/2/2005), le altre norme complementari, la giurisprudenza della Corte costituzionale, della Cassazione civile e penale, del Consiglio di Stato e dei T. A. R.; le istruzioni ministeriali. 606 $aImmigrazione-Italia-Legislazione$2FI$3SUNC017219 620 $dMilano$3SUNL000284 676 $a342.4508202638$cDiritto costituzionale e amministrativo. Entrata e uscita dal territorio nazionale. Italia. Repertori di leggi.$v21 700 1$aBellagamba$b, Gianni$3SUNV001698$0145299 701 1$aCariti$b, Giuseppe$3SUNV001699$0145300 712 $aGiuffrè$3SUNV001757$4650 801 $aIT$bSOL$c20181231$gRICA 912 $aSUN0045558 950 $aUFFICIO DI BIBLIOTECA DEL DIPARTIMENTO DI GIURISPRUDENZA$d00CONS X.Ed.175 $e00 31885 20060605 996 $aDisciplina dell'immigrazione$9736023 997 $aUNICAMPANIA LEADER 01823nam 2200505 450 001 9910795822903321 005 20200520144314.0 010 0 $a111924109X 010 0 $a9781119241096 035 $a(MiAaPQ)EBC7104496 035 $a(CKB)24989485000041 035 $a(MiAaPQ)EBC4451521 035 $a(Au-PeEL)EBL4451521 035 $a(CaPaEBR)ebr11174080 035 $a(OCoLC)940796344 035 $a(JP-MeL)3000111173 035 $a(Au-PeEL)EBL7104496 035 $a(OCoLC)1347027680 035 $a(EXLCZ)9924989485000041 100 $a20160211d2016 uy| 0 101 0 $aeng 135 $aur||||||||||| 181 $2rdacontent 182 $2rdamedia 183 $2rdacarrier 200 10$aEcology of urban environments /$fKirsten M. Parris 210 1$aChichester, West Sussex, United Kingdom ;$aHoboken, NJ :$cWiley Blackwell,$d2016. 215 $a1 online resource (302 pages) $cillustrations 300 $aIncludes bibliographical references and index 320 $aIncludes bibliographical references and index. 327 $aUrban environments -- Population- and species-level responses to urbanisation -- Community-level responses to urbanisation -- Ecosystem-level responses to urbanisation -- The urban ecology of humans -- Conserving biodiversity and maintaining ecosystem services in cities -- Summary and future directions. 606 $aUrban ecology (Biology) 606 $aUrban ecology (Sociology) 615 0$aUrban ecology (Biology) 615 0$aUrban ecology (Sociology) 676 $a577.5/6 686 $a468$2njb/09 686 $a577.56$2njb/09 700 $aParris$b Kirsten M.$01463615 801 0$bMiAaPQ 801 1$bMiAaPQ 801 2$bMiAaPQ 912 $a9910795822903321 996 $aEcology of urban environments$93672986 997 $aUNINA